Aspects of Japan's labor problems

Bewaard in:
Bibliografische gegevens
Hoofdauteur: Farley, Miriam S.
Formaat: Boek
Taal:Undetermined
Gepubliceerd in: New York The John Day Company 1950
Onderwerpen:
Tags: Voeg label toe
Geen labels, Wees de eerste die dit record labelt!
Thư viện lưu trữ: Trung tâm Học liệu Trường Đại học Cần Thơ
LEADER 00501nam a2200193Ia 4500
001 CTU_85966
008 210402s9999 xx 000 0 und d
082 |a 331.88 
082 |b L232 
100 |a Farley, Miriam S. 
245 0 |a Aspects of Japan's labor problems 
245 0 |c Miriam S. Farley 
260 |a New York 
260 |b The John Day Company 
260 |c 1950 
650 |a Labor unions 
650 |z Japan 
904 |i Năm 
980 |a Trung tâm Học liệu Trường Đại học Cần Thơ